| 000 | 00389nam a22001697a 4500 | ||
|---|---|---|---|
| 003 | SGT | ||
| 020 | _a9781138859876 | ||
| 082 |
_a152.15 _bA17H |
||
| 100 | _aHOWARD, DAVID M. | ||
| 245 | _aACOUSTICS AND PSYCHOACUSTICS | ||
| 250 | _a5TH | ||
| 260 |
_aLONDON _bROUTLEDGE PUB _c2017 |
||
| 300 | _a510 | ||
| 650 | _aAUDIOLOGY | ||
| 653 | _aACOUSTICS AND PSYCHOACUSTICS | ||
| 942 |
_2ddc _cBK |
||
| 999 |
_c23791 _d23791 |
||